Pavimentos de adoquines: fabricación, inspección, construcción
Salvato in:
| Ente Autore: | |
|---|---|
| Natura: | Libro |
| Lingua: | spagnolo |
| Pubblicazione: |
Santiago
I.Ch.C.H
1991
|
| Serie: | Cartilla de Recomendaciones Básicas
|
| Soggetti: | |
| Tags: |
Aggiungi Tag
Nessun Tag, puoi essere il primo ad aggiungerne!!
|
MARC
| LEADER | 00000nam a2200000 a 4500 | ||
|---|---|---|---|
| 001 | UCK8173 | ||
| 003 | CL-VaPUC | ||
| 008 | 060303e19910000CL |||||||||||||||||spa|d | ||
| 082 | 0 | 4 | |a 625.84 |b INS |2 21 |
| 110 | 2 | |a Instituto Chileno del Cemento y del Hormigón |e author |9 498013 | |
| 245 | 1 | 0 | |a Pavimentos de adoquines: fabricación, inspección, construcción |
| 300 | |a Pág. irreg | ||
| 942 | |c BK | ||
| 945 | |d 20060303 00:00:00 |a cmena | ||
| 260 | |a Santiago |b I.Ch.C.H |c 1991 | ||
| 650 | 0 | |a Adoquines |9 364366 | |
| 650 | 0 | |a Materiales de construcción |9 260197 | |
| 650 | 7 | |a TECNOLOGIA DE LA CONSTRUCCION |2 CL-VaPUC |9 260196 | |
| 650 | 0 | |a Pavimentos |9 258061 | |
| 583 | |a last modification |c 20060303 00:00:00 |k Rodrigo Vera | ||
| 490 | 0 | |a Cartilla de Recomendaciones Básicas | |
| 999 | |c 315978 |d 315976 | ||
| 952 | |0 0 |1 0 |2 ddc |4 0 |6 625_840000000000000_INS_1991 |7 0 |8 A |9 389888 |a BIBING |b BIBING |c RES |d 2019-11-22 |i 4208870 |o 625.84 INS 1991 |p 4208870 |r 2025-01-20 |w 2019-11-22 |y BK |k CIC | ||
| 952 | |0 0 |1 0 |2 ddc |4 0 |6 625_840000000000000_INS_1991 |7 0 |8 A |9 389889 |a BIBING |b BIBING |c RES |d 2019-11-22 |i 4208889 |o 625.84 INS 1991 |p 4208889 |r 2025-01-20 |w 2019-11-22 |y BK |k CIC | ||